00194 a2200085 45000010005000000820016000051000017000212450053000382600017000919163 a796.358 ALT aAltham, H.S. aCricket how to play (Transfered to SOA)hEnglish bE.P.L.a1961